000 00450nam a2200217Ia 4500
003 IT-RoPAU
008 120407s9999 xx 000 0 und d
040 _aIT-RoPAU
040 _cIT-RoPAU
041 _afra
100 _aMarguerite Duras
245 _aAmant (l’) de la Chine du nord
250 _aParis
260 _aGallimard
260 _c1992
300 _a237 p.
300 _c20 cm
490 _v1
942 _cBK
999 _c29842
_d29842